Architecture : (Record no. 82611)

MARC details
000 -LEADER
fixed length control field 01081cas a2200313 a 4500
001 - CONTROL NUMBER
control field 15851535
005 - DATE AND TIME OF LATEST TRANSACTION
control field 20140218130211.0
008 - FIXED-LENGTH DATA ELEMENTS--GENERAL INFORMATION
fixed length control field 090804c200u9999ii mr p 0 0eng
010 ## - LIBRARY OF CONGRESS CONTROL NUMBER
LC control number 2009340873
025 ## - OVERSEAS ACQUISITION NUMBER
Overseas acquisition number I-D-E-2009-340873; 32
035 ## - SYSTEM CONTROL NUMBER
System control number (OCoLC)ocn429029606
040 ## - CATALOGING SOURCE
Original cataloging agency DLC
Language of cataloging eng
Transcribing agency DLC
Modifying agency DLC
-- OCoLC
042 ## - AUTHENTICATION CODE
Authentication code pcc
043 ## - GEOGRAPHIC AREA CODE
Geographic area code a-ii---
050 00 - LIBRARY OF CONGRESS CALL NUMBER
Classification number NA2543.S6
Item number A625
130 0# - MAIN ENTRY--UNIFORM TITLE
Uniform title Architecture (New Delhi, India)
245 10 - TITLE STATEMENT
Title Architecture :
Remainder of title time space & people.
260 ## - PUBLICATION, DISTRIBUTION, ETC. (IMPRINT)
Place of publication, distribution, etc New Delhi :
Name of publisher, distributor, etc Council of Architecture
Date of publication, distribution, etc 2013-
300 ## - PHYSICAL DESCRIPTION
Extent v. :
Other physical details col. ill. ;
Dimensions 28 cm.
310 ## - CURRENT PUBLICATION FREQUENCY
Current publication frequency Monthly
590 ## - LOCAL NOTE (RLIN)
Local note Acquired via LC overseas office. New Delhi Field Office. Most recent issues may not yet be available in LC Washington.
650 #0 - SUBJECT ADDED ENTRY--TOPICAL TERM
Topical term or geographic name as entry element Architecture and society
Geographic subdivision India
Form subdivision Periodicals.
650 #0 - SUBJECT ADDED ENTRY--TOPICAL TERM
Topical term or geographic name as entry element Architecture and technology
Geographic subdivision India
Form subdivision Periodicals.
651 #0 - SUBJECT ADDED ENTRY--GEOGRAPHIC NAME
Geographic name India
General subdivision Antiquities
Form subdivision Periodicals.
710 2# - ADDED ENTRY--CORPORATE NAME
Corporate name or jurisdiction name as entry element Council of Architecture (New Delhi, India)
906 ## - LOCAL DATA ELEMENT F, LDF (RLIN)
a 7
b cbc
c serials
d 3
e ncip
f 20
g n-oclcserc
942 ## - ADDED ENTRY ELEMENTS (KOHA)
Source of classification or shelving scheme Dewey Decimal Classification
Item type Periodicals
Serial record 1
Holdings
Withdrawn status Lost status Source of classification or shelving scheme Damaged status Not for loan Collection code Home library Current library Date acquired Total Checkouts Date last seen Price effective from Koha item type
    Dewey Decimal Classification   Not For Loan Non-fiction D.B.Act.Division D.B.Act.Division 18/02/2014   18/02/2014 18/02/2014 Periodicals

© Delhi Public Library
Hit Counter
free hit counter